A critical commentary on Bernard Shaw's 'Arms and the man' and 'Pygmalion.' / (Record no. 9290)
[ view plain ]
| 000 -LEADER | |
|---|---|
| fixed length control field | 00836cam a22002771 4500 |
| 001 - CONTROL NUMBER | |
| JCCL Control Number | 9290 |
| 003 - CONTROL NUMBER IDENTIFIER | |
| JCCL marc code | BD-JhCC |
| 005 - DATE AND TIME OF LATEST TRANSACTION | |
| control field | 20180319082654.0 |
| 008 - FIXED-LENGTH DATA ELEMENTS--GENERAL INFORMATION | |
| fixed length control field | 711115s1968 enk b 000 0 eng |
| 035 ## - SYSTEM CONTROL NUMBER | |
| system control number | (BD-JhCC)9290 |
| 040 ## - CATALOGING SOURCE | |
| Original cataloging agency | DLC |
| Transcribing agency | DLC |
| Modifying agency | DLC |
| -- | BD-JhCC |
| 041 ## - LANGUAGE CODE | |
| Language code of Book | eng |
| 050 00 - LIBRARY OF CONGRESS CALL NUMBER | |
| Classification number | PR5363.A9 |
| Item number | A4 |
| 082 00 - DEWEY DECIMAL CLASSIFICATION NUMBER | |
| Classification number | 822/.9/12 |
| Author mark and Year | ALE 1968 |
| 100 1# - MAIN ENTRY--PERSONAL NAME | |
| Personal name | Alexander, Nigel. |
| 245 12 - TITLE STATEMENT | |
| Title | A critical commentary on Bernard Shaw's 'Arms and the man' and 'Pygmalion.' / |
| Statement of responsibility, etc | Nigel Alexander |
| 260 ## - PUBLICATION, DISTRIBUTION, ETC. (IMPRINT) | |
| Place of publication, distribution, etc | London, |
| -- | Melbourne [etc.] |
| Name of publisher, distributor, etc | Macmillan, |
| Date of publication, distribution, etc | 1968. |
| 300 ## - PHYSICAL DESCRIPTION | |
| Pagination | 85 p. |
| Dimensions | 21 cm. |
| 350 ## - PRICE (NR) (BK AM CF MU VM SE) [OBSOLETE] | |
| Price | 7/6 |
| 490 0# - SERIES STATEMENT | |
| Series statement | Macmillan critical commentaries |
| 504 ## - BIBLIOGRAPHY, ETC. NOTE | |
| Bibliography, etc | Bibliography: p. [84]-85. |
| 600 10 - SUBJECT ADDED ENTRY--PERSONAL NAME | |
| Personal name | Shaw, Bernard, |
| Dates associated with a name | 1856-1950. |
| Title of a work | Arms and the man. |
| 600 10 - SUBJECT ADDED ENTRY--PERSONAL NAME | |
| Personal name | Shaw, Bernard, |
| Dates associated with a name | 1856-1950. |
| Title of a work | Pygmalion. |
| 942 ## - ADDED ENTRY ELEMENTS (KOHA) | |
| Source of classification or shelving scheme | Dewey Decimal Classification |
| Koha item type | Books |
| Source of classification or shelving scheme | Damaged status | Not for loan | Home library | Current library | Shelving location | Total Checkouts | Full call number | Barcode | Date last seen | Copy number | Koha item type |
|---|---|---|---|---|---|---|---|---|---|---|---|
| Dewey Decimal Classification | JCC Rouf Library | JCC Rouf Library | General Stacks | 822/.9/12 ALE 1968 | 12434 | 03/12/2018 | C - 1 | Books |